000 00902nab a2200277 u 4500
001 17627
003 HDC
007 cr bn ---aaaaa
008 210201b20110516my ||||| |||| 00| 0may
040 _aHDC
245 0 _aDiploma dan ijazah hab halal UiTM
260 _aKuala Lumpur :
_bBernama,
_c2011
300 _a1 online resource
336 _atext
_2rdacontent
337 _acomputer
_2rdamedia
338 _aonline resource
_2rdacarrier
650 _aDrugs
_93630
650 _aFood industry and trade.
_9140
650 _aFood
_xReligious aspects
_xIslam
_9239
650 _aHalal food
_xMuslims
_xDietary laws.
_916932
710 _aBernama,
_eissung body
856 _zRequest full-text at [email protected]
942 _2lcc
942 _cNEWS
942 _kNWSO 004094
999 _c14943
_d14943